Environnement : (Record no. 14206)

000 -LEADER
fixed length control field 00882cam a2200253 a 4500
020 ## - INTERNATIONAL STANDARD BOOK NUMBER
ISBN 2748328205
040 ## - CATALOGING SOURCE
Transcribing agency TZT
082 04 - DEWEY DECIMAL CLASSIFICATION NUMBER
Classification number 333 PUB 2006 A065 Or.
245 00 - TITLE STATEMENT
Title Environnement :
Remainder of title les bons "plants" des Africains /
246 30 - VARYING FORM OF TITLE
Title proper/short title Bons "plants" des Africains
260 ## - PUBLICATION, DISTRIBUTION, ETC. (IMPRINT)
Place of publication [Paris, France] :
Name of publisher Publibook,
Year of publication [2006?]
300 ## - PHYSICAL DESCRIPTION
Number of Pages 135 p. :
Other physical details ill. ;
Dimensions 24 cm.
500 ## - GENERAL NOTE
General note "Les articles qui composent ce livre ont tous été rédigés par les journalistes de Syvia International ... Coordination: Marie-Agnès Leplaideur et Denise Williams"--P. [3].
650 #0 - SUBJECT ADDED ENTRY--TOPICAL TERM
Topical Term Sustainable development
650 #0 - SUBJECT ADDED ENTRY--TOPICAL TERM
Topical Term Environmental policy
650 #0 - SUBJECT ADDED ENTRY--TOPICAL TERM
Topical Term Agriculture and state
650 #0 - SUBJECT ADDED ENTRY--TOPICAL TERM
Topical Term Natural resources
650 #0 - SUBJECT ADDED ENTRY--TOPICAL TERM
Topical Term Deforestation
650 #0 - SUBJECT ADDED ENTRY--TOPICAL TERM
Topical Term Forest ecology
700 1# - ADDED ENTRY--PERSONAL NAME
Personal name Leplaideur, Marie-Agnès.
700 1# - ADDED ENTRY--PERSONAL NAME
Personal name Williams, Denise.
710 2# - ADDED ENTRY--CORPORATE NAME
Corporate name or jurisdiction name as entry element Syfia (Press Agency)
942 ## - ADDED ENTRY ELEMENTS (KOHA)
Koha item type សៀវភៅភាសាអង់គ្លេស
952 ## - LOCATION AND ITEM INFORMATION (KOHA)
Withdrawn status [LOCAL, KOHA] 0
Holdings
Permanent Location Date acquired Koha item type Lost status Shelving location Barcode Current Location Full call number
Library Block A2017-10-10សៀវភៅភាសាអង់គ្លេស A065A22347Library Block A333 PUB 2006 A065 Or.
មជ្ឈមណ្ឌលឯការនៃសាកលវិទ្យាល័យភូមិន្ទកសិកម្មចំការដូង

Powered by Koha